| 000 | 00409nam a2200169Ia 4500 | ||
|---|---|---|---|
| 003 | LK-CoDNM | ||
| 008 | 010623t1952 xxu||||| |||| 00| 1 eng d | ||
| 040 |
_aLK-CoDNM _dLK-CoDNM _eLK-CoDNM |
||
| 041 | _aeng | ||
| 080 | _a(x) 737.1 [1] | ||
| 100 | _aAbeywardena, T.M.De Silva | ||
| 245 | _aAncient coins of Ceylon | ||
| 260 |
_bCareem Co. _c1952 |
||
| 300 | _b41, 21 cm | ||
| 650 | _aCoins | ||
| 942 | _cBK | ||
| 999 |
_c102460 _d102460 |
||